| 000 | 00544nam a2200181 4500 | ||
|---|---|---|---|
| 001 | 9409 | ||
| 005 | 20230410121047.0 | ||
| 008 | 060907n2000 dr spa | ||
| 020 | _a9589136060 | ||
| 035 | _9funglode9488 | ||
| 041 | _aES | ||
| 050 | 1 | 4 | _aJL 2881 O77p 2000 |
| 100 | _aOrtiz Nieves, Jesús | ||
| 245 | 1 | 3 |
_aLa paz : _banálisis del proceso y propuesta para un nuevo sistema político en Colombia / _cJesús Ortiz Nieves |
| 260 |
_aSanta Fe de Bogotá : _bEdiciones Aurora, _c2000 |
||
| 300 | _a274 p. | ||
| 942 |
_2lcc _cbk |
||
| 999 |
_c57162 _d57162 |
||